| 000 | 00963cam a2200241 a 4500 | ||
|---|---|---|---|
| 001 | 15992631 | ||
| 005 | 20250201110642.0 | ||
| 008 | 091123s2011 at a b 001 0 eng | ||
| 020 | _a9781439042113 | ||
| 020 | _a143904211X | ||
| 050 | 0 | 0 |
_aHD57.7 _b.D732 2011 |
| 100 | 1 | _aDaft, Richard L. | |
| 245 | 1 | 4 |
_aThe Leadership experience / _cRichard L Daft, with the assistance of Patricia G. Lane. |
| 250 | _a5e [ed.] | ||
| 260 |
_aAustralia ; _aMason, OH : _bSouth-Western Cengage Learning, _cC2011. |
||
| 300 |
_axviii, 507 p. : _bcol. ill. ; _c25 cm. |
||
| 650 | 0 | _aLeadership. | |
| 700 | 1 | _aLane, Patricia G. | |
| 856 | 4 | 2 |
_3Contributor biographical information _uhttp://www.loc.gov/catdir/enhancements/fy1105/2009942042-b.html |
| 856 | 4 | 2 |
_3Publisher description _uhttp://www.loc.gov/catdir/enhancements/fy1105/2009942042-d.html |
| 856 | 4 | 1 |
_3Table of contents only _uhttp://www.loc.gov/catdir/enhancements/fy1105/2009942042-t.html |
| 942 |
_2lcc _cBK _e5th _n0 |
||
| 999 |
_c3344 _d3344 |
||